[Event "USCL Week 5"]
[Site "Internet Chess Club"]
[Date "2015.09.23"]
[Round "?"]
[White "Wheeler, Cameron"]
[Black "Xiong, Jeffery"]
[Result "0-1"]
[WhiteElo "2425"]
[BlackElo "2616"]
[PlyCount "66"]
[EventDate "2015.??.??"]

1. d4 Nf6 2. c4 e6 3. g3 Bb4+ 4. Bd2 Qe7 5. Nc3 Bxc3 6. Bxc3 Ne4 7. Qd3 Nxc3 8.
Qxc3 O-O 9. Bg2 d6 10. Nf3 Re8 11. c5 dxc5 12. dxc5 Nc6 13. b4 e5 14. Nd2 Nd4
15. e3 Bf5 16. Rc1 Rad8 17. Bxb7 Bd3 18. Be4 Ne2 19. Qb2 Nxc1 20. Qxc1 Qd7 21.
f3 Bxe4 22. Nxe4 Qa4 23. O-O Qxb4 24. Qc2 Qa3 25. Re1 Rd3 26. Kf2 h6 27. Re2
Rb8 28. c6 f5 29. Qc4+ Kh8 30. Nd2 Qc3 31. h4 Qxd2 32. Rxd2 Rxd2+ 33. Ke1 Rh2
0-1

[Event "USCL Week 5"]
[Site "Internet Chess Club"]
[Date "2015.09.23"]
[Round "?"]
[White "Ginsburg, Mark"]
[Black "Ruiz, Joshua"]
[Result "1-0"]
[WhiteElo "2404"]
[BlackElo "2491"]
[PlyCount "107"]
[EventDate "2015.??.??"]

1. e4 c5 2. Nf3 d6 3. Nc3 Nf6 4. e5 dxe5 5. Nxe5 e6 6. g3 Bd6 7. Nc4 Be7 8. Bg2
O-O 9. O-O Qd7 10. d3 Nc6 11. a4 Nd5 12. Ne4 b6 13. c3 Bb7 14. a5 b5 15. a6 Bc8
16. Ne3 Nc7 17. d4 cxd4 18. cxd4 Bxa6 19. Nc5 Bxc5 20. dxc5 Nd4 21. Nc2 e5 22.
Nxd4 exd4 23. Bf4 b4 24. Re1 Bb5 25. Bxc7 Qxc7 26. Bxa8 Rxa8 27. Qxd4 b3 28.
Qd6 Qxd6 29. cxd6 Kf8 30. Ra3 Bc4 31. d7 Be6 32. Rxa7 Rd8 33. Rb7 h5 34. f3 g6
35. Kf2 Bd5 36. Re8+ Rxe8 37. dxe8=Q+ Kxe8 38. Ra7 Be6 39. Ke3 Kf8 40. Kf4 Kg7
41. h4 Kf6 42. g4 hxg4 43. fxg4 Bc4 44. Rc7 Bd5 45. Rc5 Be6 46. g5+ Kg7 47. Ke5
Bg4 48. Rc3 Bd1 49. Rc8 Bg4 50. Rb8 Be6 51. Rb4 Kh7 52. Kf6 Bd5 53. Rb8 Be6 54.
Rf8 1-0

[Event "USCL Week 5"]
[Site "Internet Chess Club"]
[Date "2015.09.23"]
[Round "?"]
[White "Li, Ruifeng"]
[Black "Pruess, David"]
[Result "1/2-1/2"]
[WhiteElo "2502"]
[BlackElo "2416"]
[PlyCount "61"]
[EventDate "2015.??.??"]

1. e4 e6 2. d4 d5 3. Nc3 Nf6 4. Bg5 dxe4 5. Nxe4 Nbd7 6. Nxf6+ Nxf6 7. Nf3 Be7
8. Bd3 b6 9. Qe2 Bb7 10. O-O-O O-O 11. Kb1 c5 12. h4 Qc7 13. Bxf6 Bxf6 14. Ng5
g6 15. Nxh7 Kxh7 16. h5 Kg7 17. hxg6 Rh8 18. Qg4 Rag8 19. Rh7+ Kf8 20. Qg3 e5
21. Qh3 Rxh7 22. gxh7 Rh8 23. dxc5 Qxc5 24. Bf5 Bc6 25. f3 Qb4 26. Be4 Bxe4 27.
Qc8+ Kg7 28. Qg4+ Kf8 29. Qc8+ Kg7 30. Qg4+ Kf8 31. Qc8+ 1/2-1/2

[Event "USCL Week 5"]
[Site "Internet Chess Club"]
[Date "2015.09.23"]
[Round "?"]
[White "Molner, Mackenzie"]
[Black "Zierk, Steven"]
[Result "1/2-1/2"]
[WhiteElo "2592"]
[BlackElo "2562"]
[PlyCount "150"]
[EventDate "2015.??.??"]

1. c4 c6 2. Nf3 d5 3. e3 Nf6 4. Nc3 g6 5. d4 Bg7 6. Be2 O-O 7. O-O Bf5 8. cxd5
Nxd5 9. Qb3 Nb6 10. Rd1 Qc7 11. e4 Be6 12. d5 Bg4 13. Be3 N8d7 14. Rac1 Rac8
15. h3 Bxf3 16. Bxf3 c5 17. Bg4 a6 18. Bxd7 Nxd7 19. d6 exd6 20. Nd5 c4 21. Qb4
a5 22. Ne7+ Kh8 23. Qxd6 Qxd6 24. Rxd6 Rc7 25. Nd5 Be5 26. Nxc7 Bxd6 27. Rd1
Bxc7 28. Rxd7 Be5 29. Rxb7 Rd8 30. f4 Bd4 31. Kf2 Bxe3+ 32. Kxe3 Rd3+ 33. Ke2
Rd4 34. Rxf7 Rxe4+ 35. Kf3 Rd4 36. Re7 Rd1 37. Re2 Ra1 38. a3 Rc1 39. Ke4 c3
40. Kd4 cxb2 41. Rxb2 Ra1 42. Rb3 a4 43. Rc3 Kg7 44. g4 Rf1 45. Rc7+ Kg8 46.
Ke5 Rf3 47. h4 h6 48. Rc8+ Kf7 49. Rc7+ Kg8 50. f5 gxf5 51. g5 hxg5 52. hxg5
Rb3 53. Kf6 Rb6+ 54. Kxf5 Rb5+ 55. Kg6 Rb6+ 56. Kh5 Rb3 57. Kh6 Rh3+ 58. Kg6
Kf8 59. Rf7+ Ke8 60. Ra7 Rxa3 61. Kg7 Rg3 62. g6 a3 63. Kh7 Rh3+ 64. Kg8 Rg3
65. g7 Rh3 66. Ra4 Ke7 67. Re4+ Kd7 68. Re2 Rg3 69. Rh2 Kc6 70. Kh7 Kb5 71.
g8=Q Rxg8 72. Kxg8 Kb4 73. Kf7 Kb3 74. Ke6 a2 75. Rxa2 Kxa2 1/2-1/2

[Event "USCL Week 5"]
[Site "Internet Chess Club"]
[Date "2015.09.23"]
[Round "?"]
[White "Panchanatham, Vignesh"]
[Black "Vaidya, Atulya"]
[Result "0-1"]
[WhiteElo "2386"]
[BlackElo "2271"]
[PlyCount "120"]
[EventDate "2015.??.??"]

1. d4 g6 2. c4 d6 3. Nc3 Bg7 4. e4 Nd7 5. f3 c5 6. Be3 Ngf6 7. Nge2 O-O 8. Qd2
a6 9. O-O-O Qc7 10. Kb1 b5 11. Nd5 Nxd5 12. cxd5 c4 13. h4 f5 14. h5 gxh5 15.
Nf4 Nf6 16. Nxh5 Nxh5 17. Rxh5 fxe4 18. fxe4 Bg4 19. Be2 c3 20. bxc3 Bxh5 21.
Bxh5 Rab8 22. Rc1 b4 23. cxb4 Qa5 24. Rc4 Qa3 25. Bf3 a5 26. Bg5 axb4 27. Qb2
Rfc8 28. Rc6 Rxc6 29. dxc6 Qd3+ 30. Kc1 b3 31. c7 Rc8 32. Qxb3+ Qxb3 33. axb3
Rxc7+ 34. Kd2 Bxd4 35. Kd3 Be5 36. Bd2 Ra7 37. Bc3 Bxc3 38. Kxc3 Kf7 39. b4
Rc7+ 40. Kd4 Rb7 41. Kc4 Ke6 42. b5 Ke5 43. Bh5 Rb8 44. Bf3 Rc8+ 45. Kb4 Rc1
46. Ka5 Kd4 47. Kb6 e5 48. Bh5 Kxe4 49. Ka7 Ra1+ 50. Kb7 d5 51. b6 d4 52. Kc7
Rc1+ 53. Kd6 d3 54. b7 Rb1 55. Bf3+ Kd4 56. Kc7 e4 57. Bd1 Rxb7+ 58. Kxb7 e3
59. Kc6 e2 60. Bxe2 dxe2 0-1

[Event "USCL Week 5"]
[Site "Internet Chess Club"]
[Date "2015.09.23"]
[Round "?"]
[White "Akobian, Varuzhan"]
[Black "Zherebukh, Yaroslav"]
[Result "1/2-1/2"]
[WhiteElo "2721"]
[BlackElo "2724"]
[PlyCount "49"]
[EventDate "2015.??.??"]

1. d4 d5 2. c4 e6 3. Nc3 Be7 4. Nf3 Nf6 5. Bf4 O-O 6. e3 b6 7. cxd5 Nxd5 8.
Nxd5 Qxd5 9. Bd3 Qa5+ 10. Ke2 c5 11. Qd2 Qxd2+ 12. Kxd2 Bb7 13. dxc5 Nd7 14.
cxb6 Nc5 15. Bc4 axb6 16. Be5 Rfc8 17. Rhc1 Ne4+ 18. Ke2 Rxc4 19. Rxc4 Ba6 20.
Rac1 f6 21. Ke1 Bxc4 22. Rxc4 Nc5 23. Bd4 Rxa2 24. Nd2 e5 25. Bxc5 1/2-1/2

[Event "USCL Week 5"]
[Site "Internet Chess Club"]
[Date "2015.09.23"]
[Round "?"]
[White "Ramachandran, Karthik"]
[Black "Critelli, James"]
[Result "1-0"]
[WhiteElo "2215"]
[BlackElo "2376"]
[PlyCount "101"]
[EventDate "2015.??.??"]

1. d4 Nf6 2. c4 e6 3. Nc3 Bb4 4. f3 O-O 5. a3 Bxc3+ 6. bxc3 Nh5 7. Nh3 f5 8. g3
c5 9. Bg2 d6 10. e4 Nc6 11. O-O Nf6 12. Be3 Qe7 13. exf5 exf5 14. Re1 cxd4 15.
cxd4 Qf7 16. Rc1 h6 17. Nf4 Bd7 18. d5 Na5 19. Bd2 b6 20. Bxa5 bxa5 21. Qd2 a4
22. Qb4 Ne8 23. Ne6 Bxe6 24. dxe6 Qe7 25. Qxa4 f4 26. Qc6 Nf6 27. c5 Rad8 28.
Rc4 Rc8 29. cxd6 Rxc6 30. dxe7 Rxc4 31. exf8=Q+ Kxf8 32. Bf1 Rc7 33. gxf4 Ke7
34. a4 Nd5 35. f5 Kf6 36. Bd3 a5 37. Kf2 Ne7 38. f4 Rc3 39. Re3 Ra3 40. Bc2 Ra2
41. Re2 Rb2 42. Ke1 Nd5 43. Kd2 Rb4 44. Re5 Rd4+ 45. Kc1 Ke7 46. Bb3 Nc7 47.
Rxa5 Rxf4 48. Ra7 Kd6 49. e7 Re4 50. Rxc7 Kxc7 51. Be6 1-0

[Event "USCL Week 5"]
[Site "Internet Chess Club"]
[Date "2015.09.23"]
[Round "?"]
[White "Cortez, Armando"]
[Black "Sun, Rick"]
[Result "0-1"]
[WhiteElo "1995"]
[BlackElo "2093"]
[PlyCount "72"]
[EventDate "2015.??.??"]

1. e4 e5 2. Nf3 Nc6 3. Bc4 Nf6 4. d3 Be7 5. c3 O-O 6. O-O d6 7. Nbd2 Na5 8. Bb5
a6 9. Ba4 b5 10. Bc2 c5 11. Re1 Nc6 12. a4 Rb8 13. axb5 axb5 14. Nf1 h6 15. Ne3
Be6 16. h3 Rc8 17. Nh2 d5 18. exd5 Nxd5 19. Nxd5 Qxd5 20. Ng4 f5 21. Ne3 Qd7
22. Bb3 Kh8 23. Bxe6 Qxe6 24. Qf3 Rcd8 25. Ra6 Rd6 26. Nc2 Qg6 27. Qg3 Qxg3 28.
fxg3 Rc8 29. Rb6 Rxd3 30. Rxb5 Rxg3 31. Be3 Rd8 32. Bxc5 Bxc5+ 33. Rxc5 Rd2 34.
Ne3 f4 35. Kh2 Rxe3 36. Rxe3 fxe3 0-1

[Event "USCL Week 5"]
[Site "Internet Chess Club"]
[Date "2015.09.23"]
[Round "?"]
[White "Xia, Brandon"]
[Black "Rosenthal, Nicholas"]
[Result "0-1"]
[WhiteElo "2029"]
[BlackElo "2162"]
[PlyCount "130"]
[EventDate "2015.??.??"]

1. Nf3 d5 2. g3 Nf6 3. Bg2 g6 4. d4 Bg7 5. O-O O-O 6. e3 c6 7. b3 Nbd7 8. Nbd2
Re8 9. Bb2 h6 10. c4 e6 11. Rc1 Nh7 12. e4 dxe4 13. Nxe4 Ndf6 14. Nxf6+ Nxf6
15. Qc2 Qa5 16. Rfe1 Bd7 17. a3 Rad8 18. b4 Qc7 19. Rcd1 a6 20. a4 Qd6 21. Bc3
b5 22. axb5 axb5 23. c5 Qc7 24. Ne5 Nd5 25. Bxd5 exd5 26. Nxd7 Qxd7 27. Qd3 Qg4
28. f3 Qg5 29. Bd2 Qf6 30. Bc3 h5 31. Ra1 h4 32. f4 hxg3 33. hxg3 Re6 34. Re5
Qe7 35. Rxe6 Qxe6 36. Re1 Qh3 37. Re2 Bf6 38. Qe3 Kg7 39. Rh2 Qf5 40. Qd2 Ra8
41. Re2 Qh3 42. Qe3 Rh8 43. Rg2 Qh1+ 44. Kf2 Qd1 45. Qd2 Qxd2+ 46. Bxd2 Bxd4+
47. Kf3 Ra8 48. Re2 Ra3+ 49. Kg2 Kf8 50. g4 Bc3 51. Bc1 Ra1 52. Be3 d4 53. Bxd4
Bxd4 54. f5 gxf5 55. gxf5 Rb1 56. Kf3 Rxb4 57. Kf4 Bf6+ 58. Kg3 Rc4 59. Ra2 b4
60. Ra8+ Kg7 61. Kh3 b3 62. Rb8 b2 63. Rb6 Rxc5 64. Kg4 Rb5 65. Rxc6 b1=Q 0-1

[Event "USCL Week 5"]
[Site "Internet Chess Club"]
[Date "2015.09.23"]
[Round "?"]
[White "Eckert, Doug"]
[Black "Morshedi, Ali"]
[Result "1/2-1/2"]
[WhiteElo "2272"]
[BlackElo "2328"]
[PlyCount "79"]
[EventDate "2015.??.??"]

1. d4 c5 2. d5 e5 3. e4 d6 4. f4 exf4 5. Bxf4 Qh4+ 6. g3 Qe7 7. Nc3 Nf6 8. Bb5+
Nbd7 9. Nf3 g6 10. O-O Bg7 11. e5 dxe5 12. Nxe5 O-O 13. Nc4 a6 14. Bxd7 Nxd7
15. Bd6 Qd8 16. Bxf8 Qxf8 17. Ne4 Ne5 18. Nxe5 Bxe5 19. c3 Bf5 20. Rxf5 gxf5
21. Qh5 fxe4 22. Qxe5 Re8 23. Qg5+ Qg7 24. Qxg7+ Kxg7 25. Kf2 Kf6 26. Ke3 Ke5
27. Rf1 f5 28. g4 fxg4 29. c4 g3 30. Rf4 gxh2 31. Rh4 Rg8 32. Rh5+ Kd6 33. Rxh2
b5 34. b3 bxc4 35. bxc4 Rg3+ 36. Kxe4 Rg4+ 37. Kd3 Rg3+ 38. Ke4 Rg4+ 39. Kd3
Rg3+ 40. Ke4 1/2-1/2

[Event "USCL Week 5"]
[Site "Internet Chess Club"]
[Date "2015.09.23"]
[Round "?"]
[White "Barcenilla, Rogelio"]
[Black "Stukopin, Andrey"]
[Result "0-1"]
[WhiteElo "2587"]
[BlackElo "2682"]
[PlyCount "90"]
[EventDate "2015.??.??"]

1. c4 e5 2. Nc3 Nf6 3. g3 Bb4 4. Bg2 O-O 5. Nf3 Re8 6. O-O c6 7. a3 Bf8 8. e4
c5 9. d3 h6 10. h3 Nc6 11. Rb1 d6 12. b4 cxb4 13. axb4 Bd7 14. Be3 b6 15. Qd2
Kh7 16. b5 Na5 17. Ne1 Rc8 18. f4 Nh5 19. fxe5 dxe5 20. Rxf7 Nf6 21. Bxh6 Kg8
22. Rxf8+ Rxf8 23. Bg5 Be6 24. Nf3 Qd6 25. Kh2 Nd7 26. Qe2 Nc5 27. Nd5 Bxd5 28.
cxd5 Na4 29. Re1 Rc3 30. Nh4 g6 31. d4 Nc4 32. Qg4 Rf2 33. Kg1 Rcc2 34. Bf1
Nab2 35. Bh6 Kh7 36. Nf5 Rxf5 37. exf5 Kxh6 38. Re4 Qf6 39. dxe5 Qxf5 40. Qh4+
Kg7 41. Rf4 Qxe5 42. Qd8 Qd6 43. Qe8 Ne5 44. Bg2 Nbd3 45. Rh4 Qc5+ 0-1

[Event "USCL Week 5"]
[Site "Internet Chess Club"]
[Date "2015.09.23"]
[Round "?"]
[White "Kiewra, Keaton"]
[Black "Kannappan, Priyadharshan"]
[Result "1/2-1/2"]
[WhiteElo "2518"]
[BlackElo "2567"]
[PlyCount "121"]
[EventDate "2015.??.??"]

1. Nf3 e6 2. d4 f5 3. g3 Nf6 4. Bg2 d5 5. O-O Bd6 6. c4 c6 7. b3 Qe7 8. a4 a5
9. Ba3 Bxa3 10. Rxa3 Ne4 11. Ra2 O-O 12. Ne5 Nd7 13. Nd3 b6 14. Rc2 Ba6 15. Nd2
Rac8 16. Nf3 dxc4 17. bxc4 c5 18. Nde5 cxd4 19. Qxd4 Ndc5 20. Qa1 Rfd8 21. Rb1
Qc7 22. Qa3 Rd6 23. Nd3 Rcd8 24. Nfe5 Nxd3 25. Nxd3 Nc5 26. Rc3 Rd4 27. Rbc1
Qd6 28. Nxc5 bxc5 29. Rd3 Rb8 30. Rxd4 Qxd4 31. Bc6 Rb2 32. Qd3 Rd2 33. Qxd4
Rxd4 34. Bb5 Bb7 35. f3 Kf7 36. Kf2 g5 37. Rb1 h6 38. Rb2 Ke7 39. Rb3 h5 40.
Ke1 h4 41. Kf2 Rd1 42. gxh4 gxh4 43. Rb2 f4 44. Kg2 e5 45. h3 e4 46. Be8 Ba8
47. Bg6 exf3+ 48. exf3 Bc6 49. Be4 Bxa4 50. Ra2 Bb3 51. Rxa5 Kd6 52. Bd5 Rd2+
53. Kg1 Bc2 54. Ra6+ Ke5 55. Rh6 Kd4 56. Rxh4 Ke3 57. Rh5 Rd1+ 58. Kg2 Rd2+ 59.
Kg1 Rd1+ 60. Kg2 Rd2+ 61. Kg1 1/2-1/2

[Event "USCL Week 5"]
[Site "Internet Chess Club"]
[Date "2015.09.23"]
[Round "?"]
[White "Vazquez, Guillermo"]
[Black "Banawa, Joel"]
[Result "1/2-1/2"]
[WhiteElo "2546"]
[BlackElo "2496"]
[PlyCount "141"]
[EventDate "2015.??.??"]

1. e4 e5 2. Nf3 Nc6 3. Bc4 Bc5 4. c3 Nf6 5. d3 d6 6. O-O O-O 7. Bb3 Ne7 8. a4
a6 9. Nbd2 Ng6 10. h3 c6 11. Re1 Bb6 12. Nf1 d5 13. Bg5 h6 14. Bxf6 Qxf6 15.
exd5 Nf4 16. Ng3 Qg6 17. d4 exd4 18. Nxd4 Nxd5 19. Bxd5 cxd5 20. Qb3 Bxd4 21.
cxd4 Qd6 22. a5 Be6 23. Nf1 b6 24. Ne3 Rfb8 25. Qc3 bxa5 26. Rxa5 Rb6 27. Rea1
Rab8 28. Nd1 Qb4 29. Qd3 Qe1+ 30. Kh2 Rb3 31. Qxa6 Qe4 32. R5a4 Qf4+ 33. Kg1
Qg5 34. Kh2 Qf4+ 35. Kg1 Qg5 36. h4 Qxh4 37. Qd6 Kh7 38. Qe5 R8b4 39. g3 Qg4
40. Ne3 Qf3 41. Rxb4 Rxb4 42. Ra2 Qe2 43. Kg2 Qd3 44. Ra5 Rxd4 45. Ra3 Qe4+ 46.
Qxe4+ Rxe4 47. Rd3 d4 48. Nc2 Bd5 49. Kg1 Re2 50. Rxd4 Bf3 51. Rd3 Be4 52. Re3
Rxc2 53. Rxe4 Rxb2 54. Kg2 h5 55. Re5 Kg6 56. Ra5 f6 57. Rc5 Kh6 58. Rf5 Rb6
59. Ra5 g5 60. Rc5 Kg6 61. Ra5 g4 62. Rc5 f5 63. Ra5 Rf6 64. Ra4 Kg5 65. Ra5 h4
66. gxh4+ Kxh4 67. Ra8 Kg5 68. f3 Rb6 69. fxg4 Kxg4 70. Ra3 Rb2+ 71. Kf1
1/2-1/2

[Event "USCL Week 6"]
[Site "Internet Chess Club"]
[Date "2015.09.29"]
[Round "?"]
[White "Yeliseyev, Igor"]
[Black "Wang, Steve"]
[Result "0-1"]
[WhiteElo "2212"]
[BlackElo "2233"]
[PlyCount "56"]
[EventDate "2015.??.??"]

1. c4 c6 2. e4 d5 3. exd5 cxd5 4. d4 Nf6 5. Nc3 e6 6. Nf3 Be7 7. Bf4 O-O 8. c5
b6 9. b4 Ne4 10. Nxe4 dxe4 11. Ne5 f6 12. Nc4 Nc6 13. Bd6 Nxb4 14. Qb1 Nd3+ 15.
Bxd3 exd3 16. Qxd3 Ba6 17. Rc1 Bxd6 18. cxd6 b5 19. Qa3 Bb7 20. Ne3 Qb6 21. Rc7
Be4 22. f3 b4 23. Qc1 Bd3 24. Qc5 Qa6 25. Kd2 Bg6 26. Rc1 Qd3+ 27. Ke1 Qxe3+
28. Kd1 Bd3 0-1

[Event "USCL Week 6"]
[Site "Internet Chess Club"]
[Date "2015.09.29"]
[Round "?"]
[White "Gershenov, Ben"]
[Black "Minear, Peter"]
[Result "1/2-1/2"]
[WhiteElo "2219"]
[BlackElo "2353"]
[PlyCount "77"]
[EventDate "2015.??.??"]

1. Nf3 Nf6 2. d4 g6 3. c4 Bg7 4. Nc3 O-O 5. e4 d6 6. Be2 Nbd7 7. O-O e5 8. Be3
Re8 9. d5 Nh5 10. Qd2 Bf8 11. Ne1 Ng7 12. Nd3 f5 13. exf5 Nxf5 14. Ne4 Nf6 15.
f3 Be7 16. Ndf2 Nh5 17. Nd3 Nxe3 18. Qxe3 Ng7 19. g4 c6 20. Kg2 Bd7 21. Ndf2
Kh8 22. Qh6 Rg8 23. Rad1 cxd5 24. Rxd5 Ne6 25. Nd3 Nd4 26. Nxd6 Bxd6 27. Rxd6
Qe7 28. Nxe5 Qxe5 29. Rxd7 Rg7 30. Qxg7+ Qxg7 31. Rxg7 Kxg7 32. Bd3 Rd8 33. Rd1
g5 34. Be4 b6 35. b4 h6 36. c5 bxc5 37. bxc5 Kf6 38. c6 Nxc6 39. Rxd8 1/2-1/2

[Event "USCL Week 6"]
[Site "Internet Chess Club"]
[Date "2015.09.29"]
[Round "?"]
[White "Rubenchik, Rodion"]
[Black "Niemann, Hans"]
[Result "1-0"]
[WhiteElo "2331"]
[BlackElo "2296"]
[PlyCount "131"]
[EventDate "2015.??.??"]

1. c4 Nf6 2. Nf3 g6 3. Nc3 d5 4. cxd5 Nxd5 5. Qa4+ Nc6 6. Ne5 Qd6 7. Nxc6 Qxc6
8. Qxc6+ bxc6 9. g3 Bg7 10. Bg2 Be6 11. O-O O-O-O 12. Ne4 Nb4 13. Ng5 Bd5 14.
Bxd5 Rxd5 15. d3 Nc2 16. Rb1 Nd4 17. Re1 f6 18. Ne4 e5 19. Bd2 Kd7 20. Rbc1 Rb8
21. b3 f5 22. Nc3 Rd6 23. Be3 Rb4 24. Kf1 Bf8 25. Na4 Rd5 26. Bd2 Rb8 27. Rc4
Nb5 28. Be3 Na3 29. Rcc1 Bb4 30. Red1 a5 31. Bc5 Rb5 32. Be3 Rb8 33. f3 Re8 34.
Bc5 Bxc5 35. Nxc5+ Kd6 36. Nb7+ Kd7 37. Rc5 Rb8 38. Rxa5 Nc2 39. Nc5+ Kd6 40.
Rc1 Rxc5 41. Rxc5 Kxc5 42. Rxc2+ Kd5 43. Rc4 g5 44. Ke1 h5 45. Kd2 f4 46. gxf4
gxf4 47. h4 Rg8 48. a4 c5 49. b4 cxb4 50. Rxb4 Rg1 51. Rc4 c5 52. Rc1 Rg2 53.
a5 Rg6 54. Ra1 Ra6 55. Kc3 Ra7 56. a6 Kc6 57. Kc4 Kb6 58. Ra3 Kc6 59. Ra2 Kb6
60. Kd5 Rxa6 61. Rxa6+ Kxa6 62. Kxc5 Kb7 63. Kd5 Kc7 64. Kxe5 Kd7 65. Kxf4 Ke6
66. e4 1-0

[Event "USCL Week 6"]
[Site "Internet Chess Club"]
[Date "2015.09.29"]
[Round "?"]
[White "Colas, Joshua"]
[Black "Brodsky, David"]
[Result "1-0"]
[WhiteElo "2350"]
[BlackElo "2317"]
[PlyCount "81"]
[EventDate "2015.??.??"]

1. c4 e5 2. Nc3 Nf6 3. g3 d5 4. cxd5 Nxd5 5. Bg2 Nb6 6. Nf3 Nc6 7. b3 Be7 8.
Bb2 O-O 9. O-O Be6 10. d3 f6 11. Rc1 Qd7 12. a3 a5 13. Nb5 Rac8 14. Re1 Rfd8
15. Nd2 Bd5 16. Bf1 Bf7 17. Qc2 Nd4 18. Nxd4 exd4 19. Bg2 c5 20. Nc4 Nxc4 21.
bxc4 b5 22. cxb5 Qxb5 23. Rb1 Ba2 24. Bc3 Bxb1 25. Rxb1 Qe8 26. Bxa5 Rd6 27.
Bb7 Kf8 28. Bxc8 Qxc8 29. Bd2 Ra6 30. a4 Qc6 31. Qc4 Bd6 32. a5 g5 33. Rb5 Kg7
34. e4 dxe3 35. Bxe3 Ra7 36. Rb6 Qc7 37. Rxd6 Qxd6 38. Bxc5 Qc7 39. Bxa7 Qxa7
40. Qb5 Kg6 41. a6 1-0

[Event "USCL Week 6"]
[Site "Internet Chess Club"]
[Date "2015.09.29"]
[Round "?"]
[White "Martirosov, Vadim"]
[Black "Pelaez, Jorge"]
[Result "1-0"]
[WhiteElo "2367"]
[BlackElo "2233"]
[PlyCount "49"]
[EventDate "2015.??.??"]

1. e4 c5 2. Nf3 Nc6 3. Bb5 e6 4. O-O Nge7 5. Re1 a6 6. Bxc6 Nxc6 7. d4 cxd4 8.
Nxd4 Qf6 9. Nxc6 bxc6 10. e5 Qg6 11. Nc3 Bb7 12. Re3 f5 13. exf6 gxf6 14. Rg3
Qf7 15. Qd4 c5 16. Qh4 Rg8 17. Bh6 Bd6 18. Ne4 Bxg3 19. Nxf6+ Kd8 20. hxg3 Rg6
21. Nd5+ Kc8 22. Nb6+ Kc7 23. Nxa8+ Bxa8 24. Bf4+ d6 25. Bxd6+ 1-0

[Event "USCL Week 6"]
[Site "Internet Chess Club"]
[Date "2015.09.29"]
[Round "?"]
[White "Schroer, Jonathan"]
[Black "Benjamin, Joel"]
[Result "0-1"]
[WhiteElo "2427"]
[BlackElo "2629"]
[PlyCount "87"]
[EventDate "2015.??.??"]

1. d4 Nf6 2. c4 e6 3. g3 Bb4+ 4. Bd2 a5 5. Bg2 d6 6. Nf3 Nbd7 7. O-O e5 8. Be3
O-O 9. Qc2 c6 10. Rd1 e4 11. a3 exf3 12. Bxf3 c5 13. axb4 cxb4 14. Nd2 Nb6 15.
c5 Nbd5 16. Bg5 h6 17. Bxf6 Nxf6 18. cxd6 Qxd6 19. Nc4 Qd8 20. Ne5 Ra6 21. e3
Nd7 22. Nd3 Rf6 23. Bg2 b6 24. Nf4 Rd6 25. Rdc1 Nf6 26. Qc7 Bf5 27. f3 Qxc7 28.
Rxc7 g5 29. Ne2 Nd5 30. Rxf7 Kxf7 31. e4 Be6 32. exd5 Bxd5 33. Rd1 Rc8 34. Rd2
Rdc6 35. Kf2 Rc2 36. Ke1 b3 37. Bh3 Rxd2 38. Kxd2 Rc2+ 39. Ke3 Bc4 40. Nc3
Rxc3+ 41. bxc3 a4 42. Kd2 a3 43. Kc1 b2+ 44. Kc2 0-1

[Event "USCL Week 6"]
[Site "Internet Chess Club"]
[Date "2015.09.29"]
[Round "?"]
[White "Volkov, Dmitriy"]
[Black "Balleisen, Aaron"]
[Result "1/2-1/2"]
[WhiteElo "2382"]
[BlackElo "2282"]
[PlyCount "109"]
[EventDate "2015.??.??"]

1. e4 c5 2. Nf3 d6 3. d4 cxd4 4. Nxd4 Nf6 5. Nc3 Nc6 6. Bc4 Qb6 7. Be3 Qxb2 8.
Ndb5 Qb4 9. Bd3 Qa5 10. Bd2 Qd8 11. Nd5 Nxd5 12. exd5 Ne5 13. Be2 a6 14. f4 Nd7
15. Na3 Qc7 16. Nc4 Nf6 17. Be3 b5 18. Nb6 Rb8 19. Nxc8 Rxc8 20. a4 Qc3+ 21.
Bd2 Qc5 22. axb5 Ne4 23. Rf1 axb5 24. Ra5 Nc3 25. Bxc3 Qxc3+ 26. Qd2 Qxc2 27.
Bxb5+ Kd8 28. Bc6 Qxd2+ 29. Kxd2 g6 30. Rb1 Bg7 31. Ra7 Bd4 32. Rd7+ Ke8 33.
Rbb7 Kf8 34. Rxe7 Kg7 35. Rxf7+ Kh6 36. g4 Rcf8 37. h4 Bf2 38. Bb5 Rxf7 39.
Rxf7 Bxh4 40. g5+ Bxg5 41. fxg5+ Kxg5 42. Bd7 h5 43. Ke3 Rb8 44. Be6 Rb3+ 45.
Kd4 h4 46. Rd7 h3 47. Rh7 Rb4+ 48. Ke3 Rh4 49. Rxh4 Kxh4 50. Kf3 g5 51. Bc8 g4+
52. Kf2 g3+ 53. Kg1 h2+ 54. Kg2 Kg5 55. Bd7 1/2-1/2

[Event "USCL Week 6"]
[Site "Internet Chess Club"]
[Date "2015.09.29"]
[Round "?"]
[White "Checa, Nicolas"]
[Black "Rohde, Michael"]
[Result "0-1"]
[WhiteElo "2436"]
[BlackElo "2531"]
[PlyCount "82"]
[EventDate "2015.??.??"]

1. d4 Nf6 2. c4 e6 3. Nf3 Bb4+ 4. Nbd2 d5 5. Qa4+ Nc6 6. a3 Bxd2+ 7. Bxd2 Ne4
8. e3 Nxd2 9. Nxd2 O-O 10. Bd3 dxc4 11. Bxc4 e5 12. d5 Ne7 13. Qb3 Nf5 14. O-O
Nd6 15. Rfd1 e4 16. Rac1 Bg4 17. Re1 Re8 18. Be2 Bxe2 19. Rxe2 Re5 20. Nf1 h5
21. Rec2 Rc8 22. Rc5 Rg5 23. Ng3 h4 24. Ne2 Qd7 25. Nf4 Rf5 26. Qc3 Ne8 27. Qb3
b6 28. R5c4 Nf6 29. h3 g5 30. Ne2 Rxd5 31. Qc2 c5 32. Nc3 Rd3 33. b4 Rd8 34.
bxc5 Qe6 35. Nxe4 Nxe4 36. c6 Nc5 37. c7 R8d6 38. Re4 Qc8 39. Qe2 Nxe4 40. Qg4
Qxg4 41. hxg4 Rd1+ 0-1

[Event "USCL Week 6"]
[Site "Internet Chess Club"]
[Date "2015.09.29"]
[Round "?"]
[White "Lenderman, Alex"]
[Black "Bartell, Tom"]
[Result "1-0"]
[WhiteElo "2728"]
[BlackElo "2483"]
[PlyCount "95"]
[EventDate "2015.??.??"]

1. c4 c6 2. e4 d5 3. exd5 cxd5 4. cxd5 Nf6 5. Nc3 Nxd5 6. Nf3 Nc6 7. Bb5 Nxc3
8. bxc3 a6 9. Bxc6+ bxc6 10. Qa4 Bd7 11. Ne5 e6 12. Rb1 Bd6 13. Qd4 Bxe5 14.
Qxe5 O-O 15. Ba3 c5 16. Bxc5 Re8 17. Bd4 f6 18. Qd6 Bb5 19. Qxd8 Raxd8 20. Rb4
e5 21. Be3 f5 22. f4 exf4 23. Rxf4 Bd3 24. h4 Rb8 25. Kf2 Rb2 26. a4 Ra2 27.
Rd4 Bc2 28. Rd7 Bxa4 29. Ra7 Bc6 30. Rb1 h6 31. Rb6 Re6 32. Raxa6 Rxa6 33. Rxa6
Kf7 34. c4 Be4 35. Ra3 Rd6 36. Ra7+ Kf6 37. h5 Rc6 38. c5 f4 39. Bd4+ Kg5 40.
Re7 Bc2 41. Rxg7+ Kxh5 42. Kf3 Re6 43. Bc3 Re4 44. c6 Rc4 45. c7 Bd1+ 46. Kf2
Bg4 47. Be5 Bc8 48. d3 1-0

[Event "USCL Week 6"]
[Site "Internet Chess Club"]
[Date "2015.09.29"]
[Round "?"]
[White "Salimbagat, Rico"]
[Black "Li, Dennis"]
[Result "1-0"]
[WhiteElo "2292"]
[BlackElo "2107"]
[PlyCount "131"]
[EventDate "2015.??.??"]

1. e4 d6 2. d4 Nf6 3. Nc3 g6 4. Bg5 Bg7 5. Qd2 h6 6. Bf4 g5 7. Bg3 Nh5 8. O-O-O
Nxg3 9. hxg3 Nd7 10. f4 c5 11. dxc5 gxf4 12. cxd6 fxg3 13. Nf3 a6 14. dxe7 Qxe7
15. Nd5 Qd8 16. Nd4 Nf6 17. Bc4 O-O 18. Rxh6 Nxe4 19. Qf4 Bxh6 20. Qxh6 Qg5+
21. Qxg5+ Nxg5 22. Rd3 Ne4 23. Re3 b5 24. Bd3 f5 25. Ne7+ Kg7 26. Nexf5+ Bxf5
27. Nxf5+ Rxf5 28. Bxe4 Rf1+ 29. Kd2 Rd8+ 30. Kc3 Rc8+ 31. Kb3 Rf2 32. Rxg3+
Kf6 33. Bd3 Kf7 34. Bg6+ Kf6 35. Be4 Ke5 36. Bd3 Rc6 37. Rg8 Kf4 38. g3+ Ke5
39. g4 Rb6 40. a3 Rg2 41. Kb4 Rf6 42. g5 Rf4+ 43. Kb3 Rg3 44. g6 Rf6 45. Kb4
Rf4+ 46. Kc5 Rf6 47. Re8+ Kf4 48. Re4+ Kf3 49. Re7 Rg5+ 50. Kb4 Rg4+ 51. Kb3
Rg5 52. Rf7 Rf4 53. Rxf4+ Kxf4 54. Kb4 Ke3 55. Ka5 Kd4 56. Kxa6 Kc5 57. Kb7 Re5
58. b4+ Kd4 59. Kc6 Rg5 60. Kd6 Kc3 61. Ke6 Kb2 62. Kf6 Rg1 63. Bxb5 Kxa3 64.
Bd3 Kxb4 65. g7 Rf1+ 66. Bf5 1-0

[Event "USCL Week 6"]
[Site "Internet Chess Club"]
[Date "2015.09.29"]
[Round "?"]
[White "Eckert, Doug"]
[Black "Mattson, Dane"]
[Result "1/2-1/2"]
[WhiteElo "2272"]
[BlackElo "2261"]
[PlyCount "63"]
[EventDate "2015.??.??"]

1. d4 e6 2. c4 f5 3. Nf3 Nf6 4. g3 d5 5. Bg2 c6 6. O-O Bd6 7. Nc3 O-O 8. Qc2
Ne4 9. Rb1 Nd7 10. b4 b5 11. cxb5 Nxc3 12. Qxc3 cxb5 13. Qc6 Nb6 14. Qxb5 Nc4
15. Qa4 Bd7 16. Qd1 Rb8 17. Bf4 Rxb4 18. Bxd6 Rxb1 19. Qxb1 Nxd6 20. Ne5 Bb5
21. Qb4 Re8 22. Re1 Qc7 23. a4 Bc4 24. e3 Rb8 25. Qc5 Rc8 26. Qxc7 Rxc7 27. Rb1
Ba6 28. Bf1 Bxf1 29. Rb8+ Rc8 30. Rxc8+ Nxc8 31. Kxf1 a5 32. Nc6 1/2-1/2